Influence of clybio as biostimulant on the growth and productivity of summer onion (allium cepa) / (Record no. 17570)

MARC details
000 -LEADER
fixed length control field 01108nam a22002657a 4500
001 - CONTROL NUMBER
control field BD-DhSAU
003 - CONTROL NUMBER IDENTIFIER
control field BD-DhSAU
005 - DATE AND TIME OF LATEST TRANSACTION
control field 20250720120155.0
008 - FIXED-LENGTH DATA ELEMENTS--GENERAL INFORMATION
fixed length control field 150420b2005 bg ||||| m||| 00| 0 eng d
040 ## - CATALOGING SOURCE
Original cataloging agency BD-DhSAU
082 ## - DEWEY DECIMAL CLASSIFICATION NUMBER
Edition number 22
Classification number 635
Item number Ah52
100 ## - MAIN ENTRY--PERSONAL NAME
Personal name AHMED, FARHA
Relator term Registration No. # 14-06091
245 ## - TITLE STATEMENT
Title Influence of clybio as biostimulant on the growth and productivity of summer onion (allium cepa) /
Remainder of title MS thesis
260 ## - PUBLICATION, DISTRIBUTION, ETC. (IMPRINT)
Place of publication, distribution, etc. Sher-e-Bangla Agricultural Uniersity :
Name of publisher, distributor, etc. Department of Horticulture,
Date of publication, distribution, etc. 2022.
300 ## - PHYSICAL DESCRIPTION
Extent x, 60p. ;
Dimensions 30 cm.
500 ## - GENERAL NOTE
General note MS thesis of Department of Horticulture, Faculty of Agriculture, Sher-e-Bangla Agricultural University, Dhaka, Bangladesh
504 ## - BIBLIOGRAPHY, ETC. NOTE
Bibliography, etc Includes bibliographical reference.
590 ## - Name of Cataloguer
Name of Cataloger Nazmul
650 ## - SUBJECT ADDED ENTRY--TOPICAL TERM
Topical term or geographic name as entry element clybio as biostimulant
651 ## - SUBJECT ADDED ENTRY--GEOGRAPHIC NAME
Geographic name growth and productivity of summer onion (allium cepa)
700 ## - ADDED ENTRY--PERSONAL NAME
Personal name Prof. Dr. A F M Jamal Uddin
Relator term Superviser
700 ## - ADDED ENTRY--PERSONAL NAME
Personal name Prof. Dr. Khaleda Khatun
Relator term Co-superviser
856 ## - ELECTRONIC LOCATION AND ACCESS
Uniform Resource Identifier <a href="http://archive.saulibrary.edu.bd:8080/xmlui/handle/123456789/5357">http://archive.saulibrary.edu.bd:8080/xmlui/handle/123456789/5357</a>
942 ## - ADDED ENTRY ELEMENTS (KOHA)
Source of classification or shelving scheme Dewey Decimal Classification
Koha item type MS Level Thesis
Holdings
Withdrawn status Lost status Source of classification or shelving scheme Damaged status Not for loan Collection code Home library Branch Name Date acquired Total Checkouts Full call number Barcode Date last seen Price effective from Koha item type
    Dewey Decimal Classification   Not For Loan Reference SAU Library SAU Library 09/09/2024   635 Ah52 45308 09/09/2024 09/09/2024 MS Level Thesis